| 000 | 00543nam a2200217Ia 4500 | ||
|---|---|---|---|
| 003 | OSt | ||
| 005 | 20230427140704.0 | ||
| 008 | 210423s1985 xx 000 0 und d | ||
| 020 | _a907402494 | ||
| 040 | _cAL | ||
| 041 | _aeng | ||
| 082 | _a582.13 ARYS | ||
| 100 |
_aARY (S);GREGERY (M). _994094 |
||
| 245 | _aOxford book of wild flowers. | ||
| 260 |
_aGreat Britain _bPeerage Books _c1985 |
||
| 300 |
_aviii,232 _bPB |
||
| 365 |
_b90 _cINR |
||
| 650 |
_aSpermatophyta _994095 |
||
| 906 | _aflowers. ; Oxford ; wild | ||
| 942 |
_2ddc _cBK |
||
| 999 |
_c162791 _d162791 |
||